Normal view
MARC view
- تاليف: بيرنو،ادموند ؛ ترجمة: شرين الاشرفي ؛ مراجعة: محمد وفائي كامل
Entry Personal Name
001 - CONTROL NUMBER
- control field: 34090
003 - CONTROL NUMBER IDENTIFIER
- control field: JO-AjAnu
005 - DATE AND TIME OF LATEST TRANSACTION
- control field: 20230606075719.0
008 - FIXED-LENGTH DATA ELEMENTS
- fixed length control field: 230606|| aca||aabn | a|a d
040 ## - CATALOGING SOURCE
- Original cataloging agency: JO-AjAnu
- Transcribing agency: JO-AjAnu
100 ## - HEADING--PERSONAL NAME
- Personal name: تاليف: بيرنو،ادموند ؛ ترجمة: شرين الاشرفي ؛ مراجعة: محمد وفائي كامل
670 ## - SOURCE DATA FOUND
- Source citation: Work cat.: (JO-AjAnu)17508: تاليف: بيرنو،ادموند ؛ ترجمة: شرين الاشرفي ؛ مراجعة: محمد وفائي كامل, author, الاعلان = Advertising